Régimen jurídico de la energía eléctrica: estudios y comentarios
Сохранить в:
| Главные авторы: | , , , , , , , , , , |
|---|---|
| Другие авторы: | |
| Формат: | |
| Язык: | испанский |
| Опубликовано: |
Santiago
Universidad de Los Andes
2019
|
| Редактирование: | 1a. ed |
| Серии: | Cuadernos de Extensión Jurídica, 32
|
| Предметы: | |
| Метки: |
Добавить метку
Нет меток, Требуется 1-ая метка записи!
|
MARC
| LEADER | 00000cam a2200000 a 4500 | ||
|---|---|---|---|
| 001 | UCC9400 | ||
| 003 | CL-VaPUC | ||
| 005 | 20210804180016.0 | ||
| 008 | 190927e20190000cl |||||||||||||||||spa|d | ||
| 020 | |a 9789563890129 | ||
| 040 | |c Pontificia Universidad Católica de Valparaíso | ||
| 082 | 0 | 4 | |a 343.830929 |b ESC |2 21 |
| 100 | 0 | |a Escalona Vásquez, Eduardo |e author |9 421 | |
| 245 | 1 | 0 | |a Régimen jurídico de la energía eléctrica: estudios y comentarios |
| 250 | |a 1a. ed | ||
| 260 | |a Santiago |b Universidad de Los Andes |c 2019 | ||
| 300 | |a 182 p | ||
| 490 | 0 | |a Cuadernos de Extensión Jurídica, 32 | |
| 583 | |a last modification |c 20190927 15:31:00 |k Rodrigo Vera | ||
| 650 | 0 | |a Industria eléctrica |9 353482 | |
| 650 | 0 | |a Energía eléctrica |9 256678 | |
| 650 | 0 | |a Distribución de energía eléctrica |9 260221 | |
| 700 | 0 | |a Guzmán Clericus, Andrés |e author |9 604438 | |
| 700 | |a Mardones Osorio, Marcelo |e autor |9 604439 | ||
| 700 | 0 | |a Concha Mandujano, Santiago |e author |9 604440 | |
| 700 | 0 | |a Carrasco Arancibia, Claudia |e author |9 604441 | |
| 700 | 0 | |a Simonet Romero, Verónica |e author |9 604442 | |
| 700 | 0 | |a Pruzzo González, Dino |e author |9 604443 | |
| 700 | 0 | |a Ruscica Olivares, Javier |e author |9 604444 | |
| 700 | 0 | |a Fernández Acuña, Vicente |e author |9 604445 | |
| 700 | 0 | |a Pellegrini Munita, Cristóbal |e author |9 604446 | |
| 700 | 0 | |a Ballivian Searle, Pedro |e author |9 604447 | |
| 700 | 0 | |a Rosso Elorriaga, Gian Franco |e author |9 604448 | |
| 942 | |c BK | ||
| 945 | |d 20190927 15:31:00 |a dcastane | ||
| 999 | |c 375581 |d 375579 | ||
| 952 | |0 0 |1 0 |3 erb |4 0 |6 343_830929000000000_ESC_2019 |7 0 |8 A |9 494587 |a BIBDER |b BIBDER |i 5561981 |o 343.830929 ESC 2019 |p 5561981 |r 2023-01-25 |w 2019-11-24 |y BK |z Catalogado en:20190927 |k DER | ||